000 00816nam a2200253Ia 4500
003 OSt
005 20220923211251.0
006 a|||||r|||| 00| 0
007 ta
008 220922b |||||||| |||| 00| 0 pan d
020 _a978817883183X (hbk)
_c80
024 _a349,536
037 _b175, 15/02/2019, National Book Shop
_cTextual
040 _aARTS
_cARTS
_bpan
041 _2pan
_apan
082 _aQ4, 153Q3
100 _aਸੋਢੀ, ਪਰਮਿੰਦਰ, ਥਦ.
_9156313
245 0 _aਧੱਮਪਦ
260 _aਲੁਧਿਆਨਾ
_b ਚੇਤਨਾ ਪ੍ਰਕਾFਨ
_c2013
300 _a79ਪ੍ਰ0
_ccm.
650 _aਧਰਮ
942 _hQ4, 153Q3
_cTEXL
_2CC
999 _c297951
_d297951